00437nam a2200157Ia 4500003000400000008004100004040001600045082001900061100001700080245004100097260004800138300002700186650002300213650001400236650002900250GCL140319s9999 xx 000 0 eng d aGCL / cGCL04aCCb732.8bJ E1 aJAMES, T G H10aEGYPTIAN SCULPTURES / cJAMES, T G H aنيويورك : bTHE NEW AMERICAN LIBRARY a36 PbILL. ؛ c16 cm.04aART, ANCIENT EGYPT04aSCLUPTURE04aSCULPTURE, ANCIENT EGYPT